| Tag |
First Indicator |
Second Indicator |
Subfields |
| LEADER |
00000ctm a2200000Ka 4500 |
| 001 |
in00002010563 |
| 005 |
20190326102240.0 |
| 008 |
041202s2004 xx b 000 0 eng d |
| 035 |
|
|
|a (OCoLC)ocm57136556
|
| 037 |
|
|
|a 31-31376
|b UMI
|
| 040 |
|
|
|a TXA
|c TXA
|d UtOrBLW
|
| 049 |
|
|
|a TXAM
|a TXAR
|
| 099 |
|
|
|a 2004
|a Dissertation
|a W274
|
| 100 |
1 |
|
|a Warren, Joseph Donald.
|
| 245 |
1 |
0 |
|a Continuous auditing :
|b implications of the current technological, regulatory and corporate environment /
|c by Joseph Donald Warren, Jr.
|
| 246 |
3 |
|
|a Implications of the current technological, regulatory and corporate environment
|
| 264 |
|
1 |
|a [Place of publication not identified] :
|b [publisher not identified] ;
|c 2004.
|
| 300 |
|
|
|a ix, 114 leaves ;
|c 28 cm.
|
| 336 |
|
|
|a text
|b txt
|2 rdacontent
|
| 337 |
|
|
|a unmediated
|b n
|2 rdamedia
|
| 338 |
|
|
|a volume
|b nc
|2 rdacarrier
|
| 502 |
|
|
|b Ph. D.
|c Texas A&M University
|d 2004
|
| 504 |
|
|
|a Includes bibliographical references (leaves 98-102).
|
| 500 |
|
|
|a Vita.
|
| 500 |
|
|
|a "Major Subject: Accounting".
|
| 520 |
|
|
|a This study is intended to address the potential impact of the current environment on continuous auditing and its stakeholders. Its objectives include: (1) to identify attributes of a corporation that suggest that a continuous audit process is appropriate; (2) to ascertain whether external auditors may choose to rely on audit evidence generated by internal auditors using continuous audit methodologies; (3) to address whether the Sarbanes-Oxley Act and SEC rule-making may be viewed as events that create more demand for continuous auditing; (4) to determine which, if any, interested party (ies) - regulators, managements, external auditors or internal auditors - could act as an owner or catalyst for the continuous auditing process; and (5) to determine the current state of continuous auditing and its acceptance by stakeholders groups. Researchers have stated that the business environment and technology are becoming increasingly complex. The model developed for this study is an initial effort to test the notions presented by these researchers, namely with increased complexity in the business environment and its supporting information systems, auditors should adopt a continuous auditing approach. Given the requirements of the Sarbanes-Oxley Act and the related SEC rules and regulations issued to date, one may argue that the Act is a catalyst in the current environment that may move continuous auditing from theoretical discussion to practical application. The periodic and annual reporting requirements of the Act require senior management to have in place the processes to comply with these requirements. Senior management and the board of directors traditionally rely on internal audit departments to provide assurance on the adequacy of the system of internal controls. The current environment provides internal auditors the opportunity to obtain funding to develop technologies that assist senior management and the board of directors to comply with the reporting requirements of the Sarbanes-Oxley Act. Accordingly, there is an opportunity for internal auditors to serve as a catalyst in the implementation of a continuous auditing process.
|
| 530 |
|
|
|a Issued also on microfiche from University Microfilm Inc.
|
| 650 |
|
4 |
|a Major accounting.
|
| 856 |
4 |
1 |
|u http://proxy.library.tamu.edu/login?url=http://proquest.umi.com/pqdweb?did=765939031&sid=1&Fmt=2&clientId=2945&RQT=309&VName=PQD
|t 0
|
| 948 |
|
|
|a cataloged
|b h
|c 2004/12/2
|d c
|e eneff
|f 1:53:21 pm
|
| 994 |
|
|
|a E0
|b TXA
|
| 999 |
|
|
|a MARS
|
| 999 |
f |
f |
|s 39e04bd9-28f8-3d0e-9cf1-53c5e3679132
|i 5b5d27f1-76cc-325f-b08c-dc7a02ce0a56
|t 0
|
| 952 |
f |
f |
|p noncirc
|a Texas A&M University
|b College Station
|c Cushing Memorial Library & Archives
|s cush tdrm
|d Cushing: Theses & Dissertations Microforms (Does not check out)
|t 0
|e 2004 Dissertation W274
|h Other scheme
|i unmediated -- volume
|
| 952 |
f |
f |
|a Texas A&M University
|b College Station
|c Electronic Resources
|s www_evans
|d Available Online
|t 0
|e 2004 Dissertation W274
|h Other scheme
|
| 998 |
f |
f |
|a 2004 Dissertation W274
|t 0
|l Available Online
|
| 998 |
f |
f |
|a 2004 Dissertation W274
|t 0
|l Cushing: Theses & Dissertations Microforms (Does not check out)
|